Vista normal Vista MARC

Entrada Materia (geográfica)

Número de registros utilizados en: 1

001 - CONTROL NUMBER

  • control field: 64645

003 - CONTROL NUMBER IDENTIFIER

  • control field: Co-BoUCM

005 - DATE AND TIME OF LATEST TRANSACTION

  • control field: 20140919093013.0

008 - FIXED-LENGTH DATA ELEMENTS

  • fixed length control field: 140919|| aca||aabn | a|a d

040 ## - CATALOGING SOURCE

  • Original cataloging agency: Co-BoUCM
  • Transcribing agency: Co-BoUCM

151 ## - HEADING--GEOGRAPHIC NAME

  • Geographic name: Bucaramanga (Santander, Colombia)
  • General subdivision: Condiciones sociales

670 ## - SOURCE DATA FOUND

  • Source citation: Work cat.: (Co-BoUCM)296915: Brasset, David William 64643, Las estrategias de arranque automatico una opción para los desocupados en Bucaramanga, 2014